Skríning cytotoxicity in vitro a mechanizmus pôsobenia vybraných prírodných a syntetických látok
Enregistré dans:
| Auteur principal: | |
|---|---|
| Format: | Livre |
| Langue: | slovaque |
| Publié: |
Bratislava
STU FCHPT v Bratislave
2006
|
| Sujets: | |
| Accès en ligne: | Voir à l'OPAC |
| Tags: |
Pas de tags, Soyez le premier à ajouter un tag!
|
MARC
| LEADER | 00000nam a2200000 a 4500 | ||
|---|---|---|---|
| 005 | 20260127134059.0 | ||
| 008 | 070227 2006 xo 000 0 slo d | ||
| 035 | |a vtls008949760 | ||
| 039 | 9 | |a 200702271228 |b mschk03 |y 200702271226 |z mschk03 | |
| 040 | |a STUSCHK1 |b slo |c STUSCHK1 |e AACR2 | ||
| 100 | 1 | |a Letašiová, Silvia | |
| 245 | 1 | |a Skríning cytotoxicity in vitro a mechanizmus pôsobenia vybraných prírodných a syntetických látok |c Silvia Letašiová | |
| 260 | |a Bratislava |b STU FCHPT v Bratislave |c 2006 | ||
| 300 | |a 119 s.: il.; + prílohy | ||
| 500 | |a FCHPT Ústav biochémie, výživy a ochrany zdravia: odd. biochémie a mikrobiológie | ||
| 500 | |a Obháj.: 20.9. 2006 | ||
| 650 | 0 | |a skríning cytotoxicity in vitro | |
| 650 | 0 | |a onkologické ochorenie civilizačná choroba | |
| 650 | 0 | |a infekčné ochorenie | |
| 650 | 0 | |a prírodné látky na nádorovú a mikróbnu bunku | |
| 650 | 0 | |a syntetické látky na nádorovú a mikróbnu bunku | |
| 910 | |a SCHK95 | ||
| 999 | |c 3635 |d 3635 | ||